000 00692nam a2200181 a 4500
008 101013s2007 ||||||||||||||||| || u
020 _a1420047922
050 _aQA 76.73.J38 Kri
100 _aKrishna P. Radha
245 1 0 _aObject oriented programming through JAVA
_cby P Radha Krishna
260 _aIndia:
_bUniversity press
_c2007
300 _axiii, 473p.: ill
350 _a0.00
650 _aJAVA (COMPUTER PROGRAM LANGUAGE)
650 _aPROGRAMMING
650 0 _aOBJECT-ORIENTED PROGRAMMING (COMPUTER SCIENCE)
995 _D0.00
_FCBU-MAIN LIBRARY (Kitwe)
_H1
_I0.00
_M1
_UDAMAGED
_WDec 22, 2010
_ZMain Library Open Access Collection
999 _c52459
_d52459